000
00294nam a22001337a 4500
008
181009b xxu||||| |||| 00| 0 eng d
020
_a
047160318-X
041
_a
eng
080
_2
2nd
_a
330.722
100
_a
61
101
_a
KF
245
_a
Cost Accounting
_c
Moriarity,Sh
942
_2
udc
_c
BK
999
_c
49142
_d
49142